000 00680cam a22002413a 4500
001 16942
003 PGUSA
005 20140828083348.0
008 051025s2005||||xxu|||||s|||||000 | eng d
040 _aPGUSA
_beng
042 _adc
050 4 _aBL
100 1 _aRomanes, George John,
_d1848-1894
245 1 0 _aThoughts on Religion
_h[electronic resource] /
_cGeorge John Romanes
260 _bProject Gutenberg,
_c2005
506 _aPublic domain in the USA.
516 _aElectronic text
653 _aReligion and science
700 1 _aGore, Charles,
_d1853-1932
830 0 _aProject Gutenberg
_v16942
856 4 0 _uhttp://www.gutenberg.org/ebooks/16942
942 _cEB
999 _c246197
_d246197